000 00672nam a22002177a 4500
005 20160121080647.0
008 110805s2012 nyua 001 0 eng
020 _a9780071785853 (alk. paper)
020 _a9780071785860 (eISBN)
041 _aeng
080 _a658.3
100 1 _aMurphy, Mark A.
245 1 0 _aHiring for attitude :
_cMark Murphy.
250 _a1 st.ed.;
260 _aNew York :
_bMcGraw-Hill,
_c2012.
300 _a217 f. :
_bme il.;
_c23 cm.
500 _aIndex f. 211-217
650 0 _aPunësimi
650 0 _aIntervista
942 _2udc
_cBK
999 _c502
_d502